Sobredosis

Guardado en:
Detalles Bibliográficos
Autor principal: Fuguet, Alberto (Autor)
Formato: Libro
Lenguaje:español
Publicado: Santiago Suma de letras 2003
Edición:2a. ed
Colección:Punto de lectura, 162
Materias:
Etiquetas: Agregar Etiqueta
Sin Etiquetas, Sea el primero en etiquetar este registro!

MARC

LEADER 00000nam a2200000 a 4500
001 UCH7221
003 CL-VaPUC
008 091109e20030000CL |||||||||||||||||spa|d
020 |a 9562392082 
082 0 4 |a Ch863  |b FUG  |2 21 
100 0 |a Fuguet, Alberto  |e author  |9 543620 
245 1 0 |a Sobredosis 
250 |a 2a. ed 
300 |a 120 p 
942 |c BK 
945 |d 20091109 00:00:00  |a lazolas 
260 |a Santiago  |b Suma de letras  |c 2003 
650 0 |a Cuentos chilenos   |9 308280 
650 0 |a Literatura chilena   |9 308278 
583 |a last modification  |c 20091109 00:00:00  |k Rodrigo Vera 
490 0 |a Punto de lectura, 162 
999 |c 337888  |d 337886